Tragedie di Eschilo / (Record no. 102865)

MARC details
000 -LEADER
campo de control de longitud fija 00606nam a22001935i 4500
001 - NÚMERO DE CONTROL
campo de control 102865
003 - IDENTIFICADOR DE NÚMERO DE CONTROL
campo de control ES-MaACL
007 - CAMPO FIJO DE DESCRIPCIÓN FÍSICA--INFORMACIÓN GENERAL
campo de control de longitud fija t|
008 - DATOS DE LONGITUD FIJA--INFORMACIÓN GENERAL
campo de control de longitud fija 950928s1881 it ||||1| ita d
040 ## - FUENTE DE CATALOGACIÓN
Centro catalogador/agencia de origen CAM
Lengua de catalogación spa
Centro/agencia transcriptor CAM
100 1# - ENTRADA PRINCIPAL--NOMBRE DE PERSONA
Nombre de persona Esquilo.
9 (RLIN) 47970
245 10 - MENCIÓN DEL TÍTULO
Título Tragedie di Eschilo /
Mención de responsabilidad, etc. traduzione di Felice Belloti. E Gli idilli di Teocrito; tradotti da G. M. Pagnini con prefazione.
260 ## - PUBLICACIÓN, DISTRIBUCIÓN, ETC.
Lugar de publicación, distribución, etc. Milano :
Nombre del editor, distribuidor, etc. Edoardo Sonzogno,
Fecha de publicación, distribución, etc. 1881.
300 ## - DESCRIPCIÓN FÍSICA
Extensión 357, [2] p. ;
Dimensiones 18 cm.
700 1# - ENTRADA AGREGADA--NOMBRE PERSONAL
Nombre de persona Bellotti, Felice.
9 (RLIN) 27279
700 1# - ENTRADA AGREGADA--NOMBRE PERSONAL
Nombre de persona Pagnini, G.M.
9 (RLIN) 88303
700 1# - ENTRADA AGREGADA--NOMBRE PERSONAL
Nombre de persona Teócrito.
9 (RLIN) 109711
852 ## - LOCALIZACIÓN
Ubicación ES-MaACL
Número de control de estantería G-10427
Holdings
Estatus retirado Estado de pérdida Estado de daño No para préstamo Colección Biblioteca de origen Biblioteca actual Ubicación en estantería Fecha de adquisición Fuente de adquisición Total de préstamos Signatura topográfica completa Código de barras Visto por última vez Precio de reemplazo Tipo de ítem Koha
        Libros del s. XIX Biblioteca del Ateneo de Madrid Biblioteca del Ateneo de Madrid Sala Pecera Planta 3 17/01/2008     G-10427 1107389 23/02/2023 23/02/2023 Libro impreso antiguo